<?xml version="1.0" encoding="UTF-8"?>
<collection xmlns="http://www.loc.gov/MARC21/slim">
<record>
  <controlfield tag="001">108627</controlfield>
  <controlfield tag="005">20211216104750.0</controlfield>
  <datafield tag="037" ind1=" " ind2=" ">
    <subfield code="a">TAZ-TFM-2021-917</subfield>
  </datafield>
  <datafield tag="041" ind1=" " ind2=" ">
    <subfield code="a">spa</subfield>
  </datafield>
  <datafield tag="100" ind1="1" ind2=" ">
    <subfield code="a">Solana Castells,María</subfield>
  </datafield>
  <datafield tag="242" ind1="0" ind2="0">
    <subfield code="a">Performance of a new industrial biomaterial in food production</subfield>
  </datafield>
  <datafield tag="245" ind1="0" ind2="0">
    <subfield code="a">Comportamiento de un nuevo biomaterial industrial en la producción de alimentos</subfield>
  </datafield>
  <datafield tag="260" ind1=" " ind2=" ">
    <subfield code="a">Zaragoza</subfield>
    <subfield code="b">Universidad de Zaragoza</subfield>
    <subfield code="c">2021</subfield>
  </datafield>
  <datafield tag="506" ind1=" " ind2=" ">
    <subfield code="a">by-nc-sa</subfield>
    <subfield code="b">Creative Commons</subfield>
    <subfield code="c">3.0</subfield>
    <subfield code="u">http://creativecommons.org/licenses/by-nc-sa/3.0/</subfield>
  </datafield>
  <datafield tag="520" ind1=" " ind2=" ">
    <subfield code="a">Debido a la gran importancia que supone actualmente la seguridad alimentaria y la concienciación pública en lo relacionado a materiales biodegradables y el cuidado del medioambientes, en este estudió se evaluó las migraciones de compuestos no intencionadamente añadidos (NIAS) provenientes desde un laminado multicapa, formado por biopolímeros como el PLA y Ecovio utilizados en la fabricación de tazas de té, junto con un adhesivo biodegradable en base acuosa, cuando estos se encuentran en contacto con agua y té. Para ello se utilizaron dos técnicas analíticas, HS SPME-GC-MS y UPLC-IM-Q/TOF, con las cuales se identificaron y cuantificaron compuestos migrantes. Además, se realizó una comparación entre diferentes tipos de fibras y se optimizaron las condiciones más optimas de la extracción por SPME.&lt;br />Analizando los resultados obtenidos, se observó la presencia de cinco oligómeros cíclicos no volátiles en muestras de té al utilizar Ecovio®. También, la presencia de compuestos volátiles como 1,6-Dioxaciclododecano-7,12-diona utilizando el mismo biomaterial. Todos ellos superaban el 0.01 mg/Kg de alimento o simulante alimenticio que se establece como límite para estos compuestos.&lt;br />&lt;br /></subfield>
  </datafield>
  <datafield tag="521" ind1=" " ind2=" ">
    <subfield code="a">Máster Universitario en Química industrial</subfield>
  </datafield>
  <datafield tag="540" ind1=" " ind2=" ">
    <subfield code="a">Derechos regulados por licencia Creative Commons</subfield>
  </datafield>
  <datafield tag="700" ind1=" " ind2=" ">
    <subfield code="a">Canellas Aguareles, Elena</subfield>
    <subfield code="e">dir.</subfield>
  </datafield>
  <datafield tag="700" ind1=" " ind2=" ">
    <subfield code="a">Nerín De La Puerta, Cristina</subfield>
    <subfield code="e">dir.</subfield>
  </datafield>
  <datafield tag="710" ind1="2" ind2=" ">
    <subfield code="a">Universidad de Zaragoza</subfield>
    <subfield code="b">Química Analítica</subfield>
    <subfield code="c"></subfield>
  </datafield>
  <datafield tag="856" ind1="0" ind2=" ">
    <subfield code="f">720049@unizar.es</subfield>
  </datafield>
  <datafield tag="856" ind1="4" ind2=" ">
    <subfield code="s">1132492</subfield>
    <subfield code="u">http://zaguan.unizar.es/record/108627/files/TAZ-TFM-2021-917.pdf</subfield>
    <subfield code="y">Memoria (spa)</subfield>
  </datafield>
  <datafield tag="909" ind1="C" ind2="O">
    <subfield code="o">oai:zaguan.unizar.es:108627</subfield>
    <subfield code="p">driver</subfield>
    <subfield code="p">trabajos-fin-master</subfield>
  </datafield>
  <datafield tag="950" ind1=" " ind2=" ">
    <subfield code="a"></subfield>
  </datafield>
  <datafield tag="980" ind1=" " ind2=" ">
    <subfield code="a">TAZ</subfield>
    <subfield code="b">TFM</subfield>
    <subfield code="c">CIEN</subfield>
  </datafield>
  <datafield tag="999" ind1=" " ind2=" ">
    <subfield code="a">20210910122459.CREATION_DATE</subfield>
  </datafield>
  <datafield tag="951" ind1=" " ind2=" ">
    <subfield code="a">deposita:2021-12-16</subfield>
  </datafield>
</record>
</collection>